Robinin suomenkieliset biisit - Statistics

Yleistilastot
  • Tätä visaa on pelattu 343 kertaa
  • Keskiarvotulos 16 / 67
Vastaustilastot
Julkaisuvuosi Kappaleen nimi % Oikein
2012 Frontside Ollie
95%
2012 Puuttuva palanen
86%
2013 Boom Kah (feat. Mikael Gabriel, Uniikki)
83%
2014 Kesärenkaat
69%
2013 Onnellinen
69%
2012 Faija skitsoo
66%
2017 Hula Hula (feat. Nelli Matula)
50%
2013 Erilaiset
48%
2012 Luupilla mun korvissa
45%
2012 Sisko
44%
2014 Sua varten
44%
2017 Me tehtiin tää
43%
2014 Paperilennokki
43%
2015 Miten eskimot suutelee? (feat. SANNI)
39%
2012 Hiljainen tyttö
37%
2012 Ihan Helmi
36%
2012 Haluun sun palaavan
35%
2013 Neon
35%
2012 Biologiaa
33%
2014 Parasta just nyt (feat. Nikke Ankara)
33%
2012 Chillaillaan
27%
2015 Kipinän hetki (feat. Elastinen)
27%
2012 Biisi ystäville
24%
2012 Räjäytät mun pään
23%
2013 3D-lasit
21%
2012 Saappaat
20%
2015 Yö kuuluu meille (feat. Santa Cruz, Nikke Ankara,Brädi, Jussi 69)
19%
2014 Kuvitellaan
18%
2012 Otan Aurinkoo
18%
2012 Häröilemään
17%
2015 Lentoon (feat. Tommy Lindgren)
16%
2012 Kaunis luonnostaan
15%
2015 Kultakehykset (feat. Evelina)
15%
2015 Milloin nään sut uudestaan? (feat. Kasmir)
15%
2013 Anonyymit ja nimimerkit
14%
2013 Eeppinen (feat. VilleGalle)
14%
2014 Frendikortti
14%
2013 Kävele mun kaa
13%
2015 Lapin kesä (feat. Vesku Loiri)
13%
2022 Ohikiitävää (Vain elämää)
13%
2012 Huominen saa odottaa
12%
2012 Huutaa
12%
2013 Jarrupala
12%
2014 Lupaan tulla pelastaa
12%
2014 Ihan sama vaikka mokaa
11%
2014 Suolaa ja vettä
11%
2014 Tää on aitoo
11%
2014 Tatuoitu
11%
2013 Ei välii
10%
2016 Jotain Aitoo
10%
2012 Paniikkiin
10%
2017 Rakkaus On Lumivalkoinen (Vain elämää)
10%
2012 Ei tarvii esittää
9%
2014 Huudan sun nimee (feat. VilleGalle)
9%
2012 Kun nuoruus päättyy (feat. The Rasmus)
9%
2017 Kymmenen Kirosanaa (Vain elämää)
9%
2013 Pystyt mihin vaan
9%
2015 Samettia (feat. Vilma Alina)
9%
2013 Vapaus
9%
2015 Ylitit rajan
9%
2016 Salamatie (feat. Softengine)
7%
2015 Se tunne kun (feat. Mikael Gabriel)
7%
2017 Hollywood Hills (Vain elämää)
6%
2017 Tuuleksi Taivaanrantaan (Vain elämää)
5%
2013 Jetlag
4%
2017 Spesiaali (Vain elämää)
4%
2017 En Mielestäni Sua Saa (Vain elämää)
3%
Ehtoja vastaavia visoja ei löytynyt
Tulosjakauma
Jokaisen tuloksen saaneiden osuus
Persentiili vastausten määrän mukaan
Tuloshistoriasi
Et ole pelannut tätä visaa